| 000 | 00730nam a2200241 a 4500 | ||
|---|---|---|---|
| 999 |
_c754 _d754 |
||
| 008 | 191028s2010 ii a|||g |||| 00| 0 eng d | ||
| 020 |
_a9788125939306 _cRs. 350.00 |
||
| 040 |
_aKO _beng |
||
| 041 | 0 | _aeng | |
| 044 | _aii | ||
| 082 | 0 | 4 |
_223 _a604.2 _bJ558 |
| 100 | 1 | _aJeyapoovan, T. | |
| 245 | 1 | 0 |
_aEngineering Graphics using AutoCAD / _cT. Jeyapoovan |
| 250 | _a5th ed. | ||
| 260 |
_aNew Delhi : _bVikas Publishing House Pvt Ltd, _c2010 |
||
| 300 |
_axvii, 577 p. : _bill. ; _c24 cm. |
||
| 650 | 0 |
_aEngineering mathematics _xEngineering--Graphic methods _vTextbooks |
|
| 650 | 0 | _aComputer-aided design | |
| 650 | 0 |
_aEngineering--Data processing _xComputer-aided engineering |
|
| 904 | _aS_JOY | ||
| 942 | _cBK | ||